000
00203nam a2200085Ia 4500
008
230915s9999 xx 000 0 und d
050
_a
QA 276.12 .J64 2007
245
0
_a
ELEMENTARY STATISTICS
942
_c
BK
999
_c
186902
_d
186902